[Event "SRI-ch"]
[Site "Colombo"]
[Date "2023.03.26"]
[Round "3"]
[White "Morais, Sanithu Leander Pam"]
[Black "Dabarera, GWDM"]
[Result "0-1"]
[WhiteElo "1573"]
[BlackElo "1956"]
[PlyCount "121"]
[EventDate "2023.03.25"]
[EventType "tourn"]
[EventRounds "13"]
[EventCountry "SRI"]
[SourceTitle "CBM 213 Extra"]
[Source "ChessBase"]
[SourceDate "2023.05.31"]
[SourceVersion "1"]
[SourceVersionDate "2023.05.31"]
[SourceQuality "1"]

1. e4 c5 2. Nf3 e6 3. d4 cxd4 4. Nxd4 a6 5. Be2 Nf6 6. Nd2 Qc7 7. 0-0 Bd6 8. N4f3 Nc6 9. Re1 Ng4 10. Nf1 Bc5 11. Ne3 Nxe3 12. Bxe3 Bxe3 13. fxe3 Qb6 14. Nd4 Qxb2 15. Nxc6 dxc6 16. Qd6 Qf6 17. Rab1 e5 18. Qxf6 gxf6 19. Rb6 Ke7 20. Reb1 Rd8 21. Bd3 Rd6 22. Kf2 a5 23. a4 Kd8 24. Kg3 Kc7 25. Kh4 Ra7 26. Kh5 Be6 27. Kh6 f5 28. Kxh7 fxe4 29. Bxe4 f5 30. Bd3 e4 31. Bf1 Ba2 32. h4 Bxb1 33. Rxb1 Ra8 34. Be2 Re8 35. Rd1 Re7+ 36. Kg8 Rg6+ 37. Kf8 Rh7 38. Rh1 Rxg2 39. Bc4 Rd2 40. Kg8 Re7 41. Kf8 Kd8 42. Bf7 Rdd7 43. Bg6 Re6 44. h5 Rf6+ 45. Kg8 Ke7 46. Rg1 Rd8+ 47. Kg7 Rff8 48. Rf1 Ke6 49. Kh6 Rd2 50. Kg7 Rf6 51. Rb1 Rd7+ 52. Kh6 Ke5 53. Kg5 Rg7 54. Rd1 f4 55. exf4+ Rxf4 56. Rd8 Re7 57. h6 Rf2 58. Bh5 Rf5+ 59. Kg6 e3 60. Rd1 e2 61. Re1 0-1

[Event "SRI-ch"]
[Site "Colombo"]
[Date "2023.03.25"]
[Round "2"]
[White "Liyanage, Ranindu Dilshan"]
[Black "Morais, Sanithu Leander Pam"]
[Result "1-0"]
[WhiteElo "2342"]
[BlackElo "1573"]
[PlyCount "49"]
[EventDate "2023.03.25"]
[EventType "tourn"]
[EventRounds "13"]
[EventCountry "SRI"]
[SourceTitle "CBM 213 Extra"]
[Source "ChessBase"]
[SourceDate "2023.05.31"]
[SourceVersion "1"]
[SourceVersionDate "2023.05.31"]
[SourceQuality "1"]

1. c4 Nf6 2. Nc3 e5 3. Nf3 Nc6 4. e3 d5 5. cxd5 Nxd5 6. Bb5 Nxc3 7. bxc3 e4 8. Ne5 Bd7 9. Nxd7 Qxd7 10. f3 Qe6 11. 0-0 Bd6 12. Qa4 0-0 13. Qxe4 Qxe4 14. fxe4 Rfe8 15. Bc4 Rxe4 16. Bxf7+ Kh8 17. Bd5 Rh4 18. g3 Rg4 19. d4 Na5 20. Bf3 Rg6 21. e4 c6 22. e5 Bc7 23. Bh5 Re6 24. Bf7 Re7 25. Ba3 1-0

[Event "Negambo op 4th"]
[Site "Negambo"]
[Date "2018.08.20"]
[Round "9"]
[White "Morais, Sanithu Leander Pam"]
[Black "Athavan, RK1"]
[Result "0-1"]
[WhiteElo "1377"]
[BlackElo "1901"]
[PlyCount "52"]
[EventDate "2018.08.16"]
[EventType "swiss"]
[EventRounds "10"]
[EventCountry "SRI"]
[SourceTitle "CBM 186 Extra"]
[Source "ChessBase"]
[SourceDate "2018.08.24"]
[SourceVersion "1"]
[SourceVersionDate "2018.08.24"]
[SourceQuality "1"]

1. d4 Nf6 2. Nf3 e6 3. c4 b6 4. g3 Ba6 5. Qc2 d5 6. b3 Be7 7. Bg2 0-0 8. 0-0 Nbd7 9. Nbd2 Rc8 10. e4 dxe4 11. Nxe4 Bb7 12. Nc3 c5 13. Rd1 cxd4 14. Nxd4 Bxg2 15. Kxg2 Qc7 16. Be3 Rfd8 17. Ndb5 Qb7+ 18. Kg1 Ne5 19. Nd4 Bc5 20. Nce2 Nfg4 21. h3 Nf3+ 22. Nxf3 Nxe3 23. fxe3 Qxf3 24. Rd3 Bxe3+ 25. Kh2 Rxd3 26. Qxd3 Bg1+ 0-1